Cáritas Cuaresma y Pascua 2000 (Record no. 255947)
[ view plain ]
| 000 -CABECERA | |
|---|---|
| Campo de control de longitud fija | 00488nam a22001577u 4500 |
| 008 - CÓDIGOS DE INFORMACIÓN DE LONGITUD FIJA | |
| Campo de control de longitud fija | 130405s2000 xxu||||| |||| 00| 0 spa d |
| 020 ## - NÚMERO INTERANCIONAL NORMALIZADO PARA LIBROS (ISBN) | |
| Número Internacional Normalizado para Libros (ISBN) | 8489733988 |
| 041 ## - CÓDIGO DE LENGUA | |
| Código de lengua del texto/banda sonora o título independiente | spa |
| 001 - NÚMERO DE CONTROL | |
| Campo de control | 76796 |
| 100 1# - PUNTO DE ACCESO PRINCIPAL-NOMBRE DE PERSONA | |
| Nombre de persona | Prieto Ramiro, Rafael |
| 9 (RLIN) | 29668 |
| 245 00 - MENCIÓN DE TÍTULO | |
| Título | Cáritas Cuaresma y Pascua 2000 |
| Resto del título | :Jubileo en la Tierra, Jubileo en el Cielo |
| Mención de responsabilidad, etc. | Rafael Prieto Ramiro |
| 260 ## - PUBLICACIÓN, DISTRIBUCIÓN, ETC... (PIE DE IMPRENTA) | |
| Lugar de publicación, distribución, etc. | Madrid: |
| Nombre del editor, distribuidor, etc. | Cáritas Española, |
| Fecha de publicación, distribución, etc. | 2000 |
| 300 ## - DESCRIPCIÓN FÍSICA | |
| Extensión | 275 p. |
| Dimensiones | ;21 cm. |
| 650 04 - PUNTO DE ACCESO ADICIONAL DE MATERIA-TÉRMINO DE MATERIA | |
| Término de materia o nombre geográfico como elemento inicial | Liturgia |
| Subdivisión de materia general | Navidad y adviento |
| 9 (RLIN) | 18909 |
| 942 ## - ENTRADA DE ELEMENTOS AGREGADOS (KOHA) | |
| Koha [por defecto] tipo de item | Libros |
| Suprimido | Perdido | Estropeado | No para préstamo | Localización permanente | Localización actual | Localización en estantería | Fecha adquisición | Préstamos totales | Signatura completa | Número de Registro / Código de Barras | Fecha última consulta | Fecha del precio de reemplazo | Tipo de item de Koha |
|---|---|---|---|---|---|---|---|---|---|---|---|---|---|
| San Esteban | San Esteban | Depósito de libros | 21/05/2013 | 264611 CARI 2000 cua-pasc | 76796 | 21/05/2013 | 21/05/2013 | Libros |
